| 000 | 00802nam a22002297a 4500 | ||
|---|---|---|---|
| 003 | 0 | ||
| 005 | 20250909152657.0 | ||
| 008 | 250909b xxu||||| |||| 00| 0 eng d | ||
| 020 | _a978-1-265-32297-7 | ||
| 050 |
_aQC 21.2 _b.J33 2024 |
||
| 100 |
_aJacobs, Greg, _eauthor. |
||
| 245 |
_a5 steps to a 5 : _bap physics 1 : algebra-based 2024 / _cGreg Jacobs. |
||
| 260 |
_aNew York, NY : _bMcGraw-Hill, _c2024. |
||
| 300 |
_axv, 247 pages : _billustrations ; _c28 cm. |
||
| 650 |
_aPhysics _xexaminations _vstudy guides. |
||
| 650 |
_aPhysics _xexaminations _vquestion, etc. |
||
| 650 |
_aAlgebra _xexaminations _vstudy guides. |
||
| 650 |
_aAlgebra _xexaminations _vquestions, etc. |
||
| 650 | _aAdvanced placement programs (education). | ||
| 650 | _aCollege entrance achievement tests. | ||
| 942 |
_2lcc _cBK |
||
| 999 |
_c367846 _d367846 |
||